Особенности поведения урана в системе "вода-гранитоиды" в окислительных условиях; Проблемы геологии и освоения недр

Dades bibliogràfiques
Parent link:Проблемы геологии и освоения недр.— 2009.— С. 255-257
Autor principal: Никитенков А. Н. Алексей Николаевич
Altres autors: Дутова Е. М. Екатерина Матвеевна (научный руководитель)
Idioma:rus
Publicat: 2009
Matèries:
Format: MixedMaterials Capítol de llibre
KOHA link:https://koha.lib.tpu.ru/cgi-bin/koha/opac-detail.pl?biblionumber=180898

MARC

LEADER 00000naa2a2200000 4500
001 180898
005 20231222110702.0
035 |a (RuTPU)RU\TPU\book\196106 
090 |a 180898 
100 |a 20100528d2009 k y0rusy50 ca 
101 0 |a rus 
102 |a RU 
200 1 |a Особенности поведения урана в системе "вода-гранитоиды" в окислительных условиях  |f А. Н. Никитенков  |g науч. рук. Е. М. Дутова 
320 |a Библиогр.: 12 назв. 
463 0 |0 (RuTPU)RU\TPU\book\186895  |y 978-5-98298-569-9  |t Проблемы геологии и освоения недр  |o труды XIII Международного симпозиума имени академика М. А. Усова студентов и молодых ученых, посвященного 110-летию со дня рождения К. В. Радугина  |f Томский политехнический университет (ТПУ), Институт геологии и нефтегазового дела (ИГНД)  |v С. 255-257  |d 2009  |p 993 с. 
610 1 |a уран 
610 1 |a миграция 
610 1 |a инфильтрационные системы 
610 1 |a месторождения 
610 1 |a природные воды 
610 1 |a вода 
610 1 |a гранитоиды 
610 1 |a моделирование 
610 1 |a минералогический состав 
610 1 |a ионы 
610 1 |a окисление 
610 1 |a труды учёных ТПУ 
700 1 |a Никитенков  |b А. Н.  |c физик, гидрогеолог  |c доцент Томского политехнического университета, кандидат геолого-минералогических наук  |f 1983-  |g Алексей Николаевич  |3 (RuTPU)RU\TPU\pers\27729  |9 12803 
702 1 |a Дутова  |b Е. М.  |c гидрогеолог  |c профессор Томского политехнического университета, доктор геолого-минералогических наук  |f 1956-  |g Екатерина Матвеевна  |4 727 
801 1 |a RU  |b 63413507  |c 20100528 
801 2 |a RU  |b 63413507  |c 20170411  |g RCR 
942 |c BK